00319nam a2200097Ia 4500008004000000082001500040100003700055245008500092260003600177300000800213210210b1976 xxu||||| |||| 00| 0 eng d a362.2 CARG aCARSTAIRS (G M) and KAPUR (R L). aGreat universe of Kota: stress, change and mental disorder in an Indian village. aLondonbThe Hogarth Pressc1976 a174